00498nam a2200145Ia 4500008004100000041000800041082001700049100001600066245003200082260005300114300003000167365001200197999001700209952012600226240624s9999 xx 000 0 und d aeng a658.4092 BRY aBRYMAN ALAN aSAGE HANDBOOK OF LEADERSHIP c2011aNew DelhibSage Publications India Pvt Ltd axxiii, : 551p. : cm. ; 25 cERUb30 c19796d19796 00104070aIMTNbIMTNcRack 30-Bd2012-09-27eWBDg95.00o658.4092 BRYp19796r2024-06-24 00:00:00t72.9w2024-06-24yBK